000 00544nam a2200193 a 4500
005 20231017063800.0
008 991125s1994 mx 000 0 eng u
020 _a970607385X
035 _aUPN01000019625
049 _aLT
050 4 _aLB1631 M6.3
_bZ3.3
100 1 _aZamarrón Terán, Francisco
245 1 0 _aEnglish interact 3 /
_cFrancisco Zamarrón Terán
260 _aMéxico :
_bLarousse,
_c1994
300 _a252 p. :
_bil.
650 4 _aInglés
_xEstudio y enseñanza (Secundaria)
_95708
904 _aAC
_b019626
905 _aLibro
999 _c19625
_d19625